01255nam a2200337 a 4500001001200000003000800012006001900020007001500039008004100054010001700095020002500112020002200137020002700159040002100186035002100207050002800228082001600256100002700272245006000299260003700359300001900396490001900415504004100434533015200475600003300627650004800660655002900708710001700737830003700754856012600791ebr10404265CaPaEBRm u cr cn|||||||||100803s2010 enka sb 000 0beng d z 2010444877 z9781861895172 (pbk.) z1861895178 (pbk.) z9781861897138 (e-book) aCaPaEBRcCaPaEBR a(OCoLC)67164773414aPR6003.E282bZ65 2010eb04a822.9122221 aGibson, Andrew,d1949-10aSamuel Becketth[electronic resource] /cAndrew Gibson. aLondon :bReaktion Books,c2010. a205 p. :bill.1 aCritical lives aIncludes bibliographical references. aElectronic reproduction.bPalo Alto, Calif. :cebrary,d2013.nAvailable via World Wide Web.nAccess may be limited to ebrary affiliated libraries.10aBeckett, Samuel,d1906-1989. 0aDramatists, Irishy20th centuryvBiography. 7aElectronic books.2local2 aebrary, Inc. 0aCritical lives (London, England)40uhttp://site.ebrary.com/lib/rucke/Doc?id=10404265zAn electronic book accessible through the World Wide Web; click to view